Sociología del catolicismo europeo / (Record no. 144682)

MARC details
000 -LEADER
campo de control de longitud fija 00783nam a2200241 i 4500
001 - NÚMERO DE CONTROL
campo de control 144682
003 - IDENTIFICADOR DE NÚMERO DE CONTROL
campo de control ES-MaACL
005 - FECHA Y HORA DE LA ÚLTIMA TRANSACCIÓN
campo de control 20230906201056.0
007 - CAMPO FIJO DE DESCRIPCIÓN FÍSICA--INFORMACIÓN GENERAL
campo de control de longitud fija t|
008 - DATOS DE LONGITUD FIJA--INFORMACIÓN GENERAL
campo de control de longitud fija 070214s1967 sp r ||||1| spa d
245 00 - MENCIÓN DEL TÍTULO
Título Sociología del catolicismo europeo /
Mención de responsabilidad, etc. Linus Grond [et. al.] ; prólogo de Rogelio Duo Castella ; versión de S. Misser.
250 ## - MENCION DE EDICION
Mención de edición 1ª. ed.
260 ## - PUBLICACIÓN, DISTRIBUCIÓN, ETC.
Lugar de publicación, distribución, etc. Barcelona :
Nombre del editor, distribuidor, etc. Nova Terra,
Fecha de publicación, distribución, etc. 1967.
300 ## - DESCRIPCIÓN FÍSICA
Extensión 284 p. ;
Dimensiones 22 cm.
490 1# - MENCIÓN DE SERIE
Mención de serie Sociología y pastoral ;
Designación de volumen o secuencia 5
650 #4 - PUNTO DE ACCESO ADICIONAL DE MATERIA--TÉRMINO DE MATERIA
Término de materia o nombre geográfico como elemento de entrada Católicos-
Subdivisión geográfica Europa.
9 (RLIN) 159669
700 1# - ENTRADA AGREGADA--NOMBRE PERSONAL
Nombre de persona Grond, Linus.
9 (RLIN) 60128
700 1# - ENTRADA AGREGADA--NOMBRE PERSONAL
Nombre de persona Duo Castella, Rogelio.
9 (RLIN) 46077
700 1# - ENTRADA AGREGADA--NOMBRE PERSONAL
Nombre de persona Misser, Salvador.
9 (RLIN) 81659
830 0# - PUNTO DE ACCESO ADICIONAL DE SERIE-TÍTULO UNIFORME
Título uniforme Sociología y pastoral ;
Designación de volumen o secuencia 5
9 (RLIN) 182636
852 ## - LOCALIZACIÓN
Ubicación ES-MaACL
Número de control de estantería C-32382
Sublocalización o colección R.62943
Holdings
Estatus retirado Estado de pérdida Estado de daño No para préstamo Biblioteca de origen Biblioteca actual Ubicación en estantería Fecha de adquisición Fuente de adquisición Total de préstamos Signatura topográfica completa Código de barras Visto por última vez Precio de reemplazo Tipo de ítem Koha
        Biblioteca del Ateneo de Madrid Biblioteca del Ateneo de Madrid Depósito 2 17/01/2008     C-32382 1150852 23/02/2023 23/02/2023 Libro impreso